000 00556nmm a2200157Ia 4500
008 251105s9999||||xx |||||||||||||||||und||
041 _aspa
100 _aRubial García, Antonio
245 0 _aLa santidad controvertida :
_b Hagiografía y conciencia criolla alrededor de los venerables no canonizados de Nueva España
264 _a[México D.C., Mexico] :
_bFondo de Cultura Económica,
_c2016
300 _a323 páginas
490 _aHistoria
650 _aHistory (General)
856 _uhttps://public.digitaliapublishing.com/a/64671
942 _cCF
999 _c99496
_d99496